Catálogo
 En Linea

La independencia de Venezuela y los periodicos de Paris 1808 -1825 / (Registro nro. 39264)

Detalles MARC
000 -CABECERA
campo de control de longitud fija 00762nam a2200169 a 4500
001 - NÚMERO DE CONTROL
campo de control 000039774
005 - FECHA Y HORA DE LA ÚLTIMA TRANSACCIÓN
campo de control 20201002033727.0
008 - DATOS DE LONGITUD FIJA--INFORMACIÓN GENERAL
campo de control de longitud fija 130719s1964 ve 001 0 spa d
040 ## - FUENTE DE LA CATALOGACIÓN
Centro catalogador/agencia de origen DO-SdBNP
Lengua de catalogación spa
Centro/agencia transcriptor BNPHU
100 1# - ENTRADA PRINCIPAL--NOMBRE DE PERSONA
Nombre de persona Rosas Marcano, Jesús
9 (RLIN) 65969
245 13 - MENCIÓN DE TÍTULO
Título La independencia de Venezuela y los periodicos de Paris 1808 -1825 /
Mención de responsabilidad, etc. Jesús Rosas Marcano.
260 ## - PUBLICACIÓN, DISTRIBUCIÓN, ETC.
Lugar de publicación, distribución, etc. Venezuela :
Nombre del editor, distribuidor, etc. Publicación del Consejo de Desarrollo Científico y Humanístico y del Instituto de Investigaciones de Prensa, Universidad Central de Venezuela,
Fecha de publicación, distribución, etc. 1964.
300 ## - DESCRIPCIÓN FÍSICA
Extensión 489 p. ;
Dimensiones 24 cm.
500 ## - NOTA GENERAL
Nota general Texto completo de las noticias estudiadas": p. 93-465.
504 ## - NOTA DE BIBLIOGRAFÍA, ETC.
Nota de bibliografía, etc. Incluye referencias bibliográficas y notas al pie de las páginas
500 ## - NOTA GENERAL
Nota general Bibliografía: p. 475-[478]
Existencias
Estado de retiro Estado de pérdida Restricciones de uso No para préstamo Código de colección Localización permanente Ubicación/localización actual Ubicación en estantería Fecha de adquisición Número de inventario Total de préstamos Signatura topográfica completa Código de barras Fecha visto por última vez Precio válido a partir de Tipo de ítem Koha
      Excluido de préstamo Monografías: Libros y Folletos General General En catalogación 19.07.2013 LF1   39774-10 25.06.2020 25.06.2020 No se presta

Con tecnología Koha